000 01274cam a2200361 a 4500
001 15107992
003 OSt
005 20241122112128.0
008 071210s2009 maua b 001 0 eng
020 _a9780073381305 (alk. paper)
020 _a0073381306 (alk. paper)
020 _a9780071263528 (pbk.)
020 _a0071263527 (pbk.)
040 _c1
050 0 0 _aHD58.7
_b.G54 2009
082 0 0 _a658.4
_222
100 _aGibson James L.
_d1935
245 0 0 _aOrganizations :
_bbehavior, structure, processes /
_cJames L. Gibson ... [et al.].
250 _a13th ed.
260 _aBoston :
_bMcGraw-Hill Irwin,
_cc2009.
300 _axix, 604 p. :
_bill. ;
_c26 cm.
650 0 _aOrganization.
650 0 _aOrganizational behavior.
650 0 _aLeadership.
650 0 _aOrganizational effectiveness.
700 1 _aIvancevich John M.
700 1 _aDonnelly James H.
700 1 _aKonopaske Robert
856 4 2 _3Contributor biographical information
_uhttp://www.loc.gov/catdir/enhancements/fy0810/2007050423-b.html
856 4 2 _3Publisher description
_uhttp://www.loc.gov/catdir/enhancements/fy0810/2007050423-d.html
856 4 1 _3Table of contents only
_uhttp://www.loc.gov/catdir/enhancements/fy0810/2007050423-t.html
942 _2lcc
_cBK
_e13th Ed.
_n0
999 _c1421
_d1421